[Event "ESP-chT Regional U14"]
[Site "Padron"]
[Date "2017.06.25"]
[Round "6.2"]
[White "Roldan Hernandez, Lucia"]
[Black "Wang Qiu, Laura"]
[Result "1-0"]
[WhiteElo "1502"]
[BlackElo "1554"]
[PlyCount "131"]
[EventDate "2017.06.22"]
[EventType "team"]
[EventRounds "6"]
[EventCountry "ESP"]
[SourceTitle "EXT 2018"]
[Source "ChessBase"]
[SourceDate "2017.10.13"]
[SourceVersion "1"]
[SourceVersionDate "2017.10.13"]
[SourceQuality "1"]
[WhiteTeam "Castilla La Mancha (U14)"]
[BlackTeam "Andalucia (U14)"]
[WhiteTeamCountry "ESP"]
[BlackTeamCountry "ESP"]

1. e4 d6 2. d4 Nf6 3. Nc3 c6 4. h3 g6 5. Nf3 Bg7 6. Bc4 0-0 7. 0-0 b5 8. Bb3 b4 9. e5 dxe5 10. dxe5 bxc3 11. exf6 Bxf6 12. bxc3 Bxc3 13. Rb1 Ba6 14. Bh6 Re8 15. Qxd8 Rxd8 16. Rfd1 Nd7 17. Ng5 Ne5 18. Ne4 Bd4 19. Bg5 Kf8 20. Bh6+ Kg8 21. Bg5 Nc4 22. Bxc4 Bxc4 23. Rb4 Be5 24. Rxd8+ Rxd8 25. f4 Bd4+ 26. Kh2 Bb5 27. Bxe7 a5 28. Rxb5 Re8 29. Rb7 Kg7 30. Nd6 Ra8 31. Ne4 h6 32. c3 Be3 33. Bf6+ Kg8 34. Be5 Kf8 35. Nd6 Ra7 36. Rb8+ Ke7 37. Nc8+ Ke6 38. Nxa7 Bxa7 39. Ra8 Be3 40. Rxa5 f6 41. Bb8 Bd2 42. Rc5 Kd7 43. Rc4 Kc8 44. Bd6 Kb7 45. Bf8 h5 46. Bg7 g5 47. fxg5 fxg5 48. g4 h4 49. Rc5 Kb6 50. Rf5 c5 51. Bf6 Kb5 52. Bd4 Bf4+ 53. Kg2 Bd6 54. Rxg5 Kc4 55. Bf6 Bf4 56. Rh5 Bg3 57. g5 Be1 58. g6 Bxc3 59. Bxc3 Kxc3 60. Rxc5+ Kb4 61. Rf5 Ka3 62. g7 Kxa2 63. g8Q+ Kb2 64. Qc8 Kb3 65. Rb5+ Ka4 66. Qa6# 1-0

[Event "ESP-ch U14"]
[Site "Granada"]
[Date "2016.07.11"]
[Round "1"]
[White "Alonso Garcia, Aaron"]
[Black "Wang Qiu, Laura"]
[Result "1-0"]
[WhiteElo "2062"]
[BlackElo "1521"]
[PlyCount "65"]
[EventDate "2016.07.11"]
[EventType "swiss"]
[EventRounds "9"]
[EventCountry "ESP"]
[SourceTitle "EXT 2024"]
[Source "ChessBase"]
[SourceDate "2023.10.10"]
[SourceVersion "1"]
[SourceVersionDate "2023.10.10"]
[SourceQuality "1"]

1. e4 e6 2. d3 d5 3. Nd2 Nf6 4. Ngf3 Nc6 5. c3 a5 6. a4 b6 7. e5 Nd7 8. d4 f6 9. Bb5 Bb7 10. 0-0 Be7 11. exf6 Bxf6 12. Re1 Qe7 13. Qe2 Nd8 14. Ne5 Bxe5 15. dxe5 0-0 16. Nf3 Nc5 17. Qc2 c6 18. Bf1 Qc7 19. Ng5 g6 20. b4 axb4 21. cxb4 Nd7 22. f4 c5 23. Bd3 Nb8 24. Re3 Re8 25. Bxg6 hxg6 26. Qxg6+ Kf8 27. Rh3 Nf7 28. Rh7 Re7 29. Rxf7+ Ke8 30. Rxe7+ Kxe7 31. Qf7+ Kd8 32. Nxe6+ Kc8 33. Qxc7# 1-0

[Event "ESP-chT Regional U14"]
[Site "Padron"]
[Date "2016.06.26"]
[Round "6.23"]
[White "Wang Qiu, Laura"]
[Black "Lopez Garcia, Maria Pilar"]
[Result "0-1"]
[WhiteElo "1517"]
[BlackElo "1605"]
[PlyCount "92"]
[EventDate "2016.06.23"]
[EventType "team-swiss"]
[EventRounds "6"]
[EventCountry "ESP"]
[SourceTitle "EXT 2017"]
[Source "ChessBase"]
[SourceDate "2016.10.25"]
[SourceVersion "1"]
[SourceVersionDate "2016.10.25"]
[SourceQuality "1"]
[WhiteTeam "Andalucia"]
[BlackTeam "Murcia"]
[WhiteTeamCountry "ESP"]
[BlackTeamCountry "ESP"]

1. e4 c5 2. Nf3 e6 3. d4 cxd4 4. Nxd4 a6 5. c4 Nf6 6. Bd3 Nc6 7. Nxc6 dxc6 8. 0-0 Be7 9. e5 Nd7 10. Qe2 Qc7 11. Re1 b5 12. b3 Bb7 13. Bb2 Rd8 14. Qc2 g6 15. cxb5 axb5 16. Nc3 Nc5 17. Bf1 b4 18. Ne4 Nxe4 19. Rxe4 0-0 20. h4 Kg7 21. Bd4 c5 22. Rf4 Qd7 23. Be3 Qd5 24. Bc1 Kg8 25. Bb2 Qd2 26. Qxd2 Rxd2 27. Bc1 Rd1 28. Bb2 Rfd8 29. f3 Ba6 30. a3 Rxa1 31. Bxa1 Bxf1 32. Bb2 Ba6 33. axb4 cxb4 34. Re4 Rd3 35. Kh2 Rxb3 36. Bc1 Kg7 37. Bd2 Rb1 38. Rd4 Bb5 39. Kh3 b3 40. Bc3 b2 41. Rd2 Rh1+ 42. Kg3 Bxh4+ 43. Kg4 b1Q 44. f4 Qf5+ 45. Kf3 Rf1+ 46. Ke3 Qxf4# 0-1